| 000 | 00638nam a2200217 a 4500 | ||
|---|---|---|---|
| 005 | 20210223131024.0 | ||
| 008 | 090619s2006 mx r 000 0 spa d | ||
| 020 | _a9802570109 | ||
| 035 | _aUPN01000171284 | ||
| 049 | _aI | ||
| 050 | 4 |
_aGR133 V4 _bA4.3 |
|
| 100 | 1 | _aAlmoina de Carrera, Pilar | |
| 245 | 1 | 0 |
_aHabía una vez 26 cuentos / _cPilar Almoina de Carrera ; il. de Peli. |
| 260 |
_aCaracas : _bEkaré, _c2006. |
||
| 300 |
_a127 p. : _bil. |
||
| 440 | 0 | _aZaranda | |
| 650 | 4 |
_aFOLKLORE - _zVENEZUELA _912647 |
|
| 650 | 4 |
_aLEYENDAS - _zVENEZUELA _912651 |
|
| 650 | 4 |
_aLITERATURA INFANTIL VENEZOLANA _912650 |
|
| 905 | _aInfantil | ||
| 999 |
_c143389 _d143389 |
||